00908nam a22002177a 4500999001700000003000900017008004100026040007100067082002200138100003100160245010400191260006900295300002300364650003700387650004000424650003200464710005900496942001500555945002000570952010000590 c13355d13355AR-CdUCM190415b ||||| |||| 00| 0 spa d aMUNICIPALIDAD PROVINCIAL DEL CUSCOcBIBLIOTECA MUNICIPAL DEL CUSCO aTS / 340.4 /bO31 aOchante Saune, Maximiliano aApreciaciones jurídico-sociales al nuevo Control del Sistema de telecomunicaciones en el Perú / aCusco :bUniversidad Nacional San Antonio Abad del Cusco,c1978. a96 hojas ;c28 cm. aApreciaciones jurídicas931732 aTelecomunicaciones en Perú931733 aLegislación Peruana99407 aUniversidad Nacional San Antonio Abad del Cusco927266 2ddccTESIS acmmd2019-04-15 002ddc4070aSCAbSCAcREFd2019-04-15g40.00oTS / 340.4 / O31pSCA0002571r2019-04-15yTESIS